Earthways: (Record no. 13911)
[ view plain ]
| 000 -LEADER | |
|---|---|
| fixed length control field | 00734nam a22002057a 4500 |
| 008 - FIXED-LENGTH DATA ELEMENTS--GENERAL INFORMATION | |
| fixed length control field | 160921b xxu||||| |||| 00| 0 eng d |
| 020 ## - INTERNATIONAL STANDARD BOOK NUMBER | |
| International Standard Book Number | 087659156 |
| 020 ## - INTERNATIONAL STANDARD BOOK NUMBER | |
| International Standard Book Number | 9780876591567 |
| 050 ## - LIBRARY OF CONGRESS CALL NUMBER | |
| Classification number | GF 26 .P4 1992 |
| 100 ## - MAIN ENTRY--PERSONAL NAME | |
| Personal name | Petrash, Carol |
| 245 ## - TITLE STATEMENT | |
| Title | Earthways: |
| Remainder of title | simple environmental activities for young children/ |
| Statement of responsibility, etc. | Carol Petrash |
| 260 ## - PUBLICATION, DISTRIBUTION, ETC. (IMPRINT) | |
| Place of publication, distribution, etc. | Mt.Rainier, Maryland: |
| Name of publisher, distributor, etc. | Gryphon House; |
| Date of publication, distribution, etc. | 1992 |
| 300 ## - PHYSICAL DESCRIPTION | |
| Extent | ix, 206p. : |
| Other physical details | ill. ; |
| Dimensions | 21cm |
| 500 ## - GENERAL NOTE | |
| General note | Includes references and index |
| 650 ## - SUBJECT ADDED ENTRY--TOPICAL TERM | |
| Topical term or geographic name as entry element | Environmental education |
| General subdivision | Activity programs |
| 650 ## - SUBJECT ADDED ENTRY--TOPICAL TERM | |
| Topical term or geographic name as entry element | Environment and children |
| 650 ## - SUBJECT ADDED ENTRY--TOPICAL TERM | |
| Topical term or geographic name as entry element | Conservation study and teaching |
| 650 ## - SUBJECT ADDED ENTRY--TOPICAL TERM | |
| Topical term or geographic name as entry element | Education, preschool |
| General subdivision | Activity programs |
| 942 ## - ADDED ENTRY ELEMENTS (KOHA) | |
| Source of classification or shelving scheme | |
| Koha item type | Hard Covered Materials |
| Classification part | GF 26 .P4 1992 |
| Withdrawn status | Lost status | Source of classification or shelving scheme | Damaged status | Not for loan | Home library | Current library | Shelving location | Date acquired | Source of acquisition | Total Checkouts | Full call number | Barcode | Date last seen | Price effective from | Koha item type |
|---|---|---|---|---|---|---|---|---|---|---|---|---|---|---|---|
| MACHAKOS UNIVERSITY LIBRARY | MACHAKOS UNIVERSITY LIBRARY | Open shelf | 21/09/2016 | Donation (BFA) | GF 26 .P4 1992 | 21663 | 07/06/2019 | 21/09/2016 | Hard Covered Materials |